Die Verwendung von Kirchenglocken zum Kanonenguß und die Herstellung von Geschütz aus schlesischem Eisen 1813/1814

Titel: Die Verwendung von Kirchenglocken zum Kanonenguß und die Herstellung von Geschütz aus schlesischem Eisen 1813/1814 : Zum Gedächtnis des Schöpfers der schlesischen Eisen- und Steinkohlenindustrie Grafen Friedrich Wilhelm von Reden (gest. 3. Juli 1815)
Verfasser:
In: Verein für Geschichte Schlesiens: Zeitschrift des Vereins für Geschichte Schlesiens, Band 49 (1915), Seite 41-72
alle Artikel anzeigen
Veröffentlicht: 1915
Format: Aufsatz
Sprache: Deutsch
Kein Bild verfügbar
X
alg: 39185020
001A    $01999:11-11-16 
001B    $01999:26-04-21 $t20:12:32.000 
001C    $06050:19-11-16 $t08:45:16.000 
001D    $01999:11-11-16 
001U    $0utf8 
001X    $00 
002@    $0Aox 
003@    $0391850202 
007A    $0391850202 $aHEB 
007T    $0Herda03147 
010@    $ager 
011@    $a1915 
021A    $aDie @Verwendung von Kirchenglocken zum Kanonenguß und die Herstellung von Geschütz aus schlesischem Eisen 1813/1814 $dZum Gedächtnis des Schöpfers der schlesischen Eisen- und Steinkohlenindustrie Grafen Friedrich Wilhelm von Reden (gest. 3. Juli 1815) 
028A    $#Wutke, Conrad $#Wutke, C. $#Wutke, K. $7117347329 $8Wutke, Konrad$Z1861-1951 [Tp1] $9151149488 
031A    $d49 $h41-72 $j1915 
039B    $aIn $8--Abvc--Verein für Geschichte Schlesiens [Tb1]. Zeitschrift des Vereins für Geschichte Schlesiens. - Breslau : Trewendt & Garnier, 1906-1943 $x191500000490000959 $9047252138 
045F    $a355.0094385 $eDDC23BSB 
045F/01 $a355.009 
045F/03 $g4385 
045T    $a9,10 

lok: 39185020 78

exp: 39185020 78 1 #EPN
201B/01 $001-10-18 $t23:16:12.000 
201U/01 $0utf8 
203@/01 $078794548X 
208@/01 $a11-11-16 $be 
209A/01 $a/ $f000 $x00 
220C/01 $aTitelaufnehmer: cs 
244Z/01 $2Trx $#Silesia $#Śląsk $#Sliezsko $#Slezsko $8--Trx--Schlesien $x01 $9391173987 
244Z/01 $aGeschichte 1814-1815 $x02 
244Z/01 $#Reden, Fridrich Wilhelm von $7128770201 $8--Tp1--Reden, Friedrich Wilhelm$cvon$Z1752-1815 $x03 $9119145774 
244Z/01 $2Trx $#kellad $#varpai $#Bells $#harangok $#dzwony $#zvony $#zvony $#Kirchenglocken $#zvony kostolné $#zvony kostelní $8--Trx--Glocken $x04 $9391354787 
244Z/01 $2Trx $#relavastustööstus $#ginklų pramonė $#defence industry $#fegyvergyártás $#przemysł zbrojeniowy $#zbrojný priemysel $#průmysl zbrojní $8--Trx--Rüstungsindustrie $x05 $939137348X 
244Z/01 $2Trx $#sõda, Napoleoni 1799-1815 $#Napoleono karai 1799-1815 $#Wars, Napoleonic 1799-1815 $#háborúk, napóleoni 1799-1815 $#wojny napoleońskie 1799-1815 $#vojny napoleonské 1799-1815 $#války napoleonské 1799-1815 $#Napoleonische Kriege 1799-1815 $8--Trx--Kriege, Napoleonische$g1799-1815 $x06 $9391362305 
244Z/01 $2Trx $8--Trx--Zeitschriftenaufsatz $x07 $9391384341 
245Z/01 $a07.06 $x01 
247C/01 $82080>Marburg/Lahn, Herder-Institut, Forschungsbibliothek, Bibliographieportal $9336309341
LEADER 00000caa a22000002c 4500
001 391850202
003 DE-603
005 20210426201232.0
007 tu
008 161111s1915 xx |||| | u00||u|ger c
035 |a (DE-599)HEB391850202 
040 |a DE-603  |b ger  |c DE-603  |d DE-603 
041 |a ger 
082 0 4 |8 1\u  |a 355.0094385  |q DE-101  |2 23/BSB 
084 |a 9,10  |2 ssgn 
085 |8 1\u  |b 355.009 
085 |8 1\u  |z 2  |s 4385 
100 1 |a Wutke, Konrad  |d 1861-1951  |0 (DE-603)151149488  |0 (DE-588)117347329  |2 gnd 
245 0 0 |a ˜Dieœ Verwendung von Kirchenglocken zum Kanonenguß und die Herstellung von Geschütz aus schlesischem Eisen 1813/1814  |b Zum Gedächtnis des Schöpfers der schlesischen Eisen- und Steinkohlenindustrie Grafen Friedrich Wilhelm von Reden (gest. 3. Juli 1815) 
264 0 |c 1915 
773 0 8 |i In  |a Verein für Geschichte Schlesiens  |t Zeitschrift des Vereins für Geschichte Schlesiens  |d Breslau : Trewendt & Garnier, 1906-1943  |g Band 49 (1915), Seite 41-72  |w (DE-603)047252138  |w (DE-600)200433-1 
924 0 |9 2080  |a (DE-603)78794548X  |b DE-2080  |c HES  |d d  |g /